|
|
|
|
| LEADER |
00000nab a2200000 a 4500 |
| 001 |
vtls011715832 |
| 003 |
SK-MaSNL |
| 005 |
20260303173918.0 |
| 008 |
171016c2017 xo qr0p 000 a slo |
| 015 |
|
|
|a SNBRB2017/03
|
| 038 |
|
|
|a BAULUV
|
| 040 |
|
|
|a BAULUV
|b slo
|c BAULUV
|e AACR2
|
| 041 |
|
|
|a slo
|b eng
|
| 044 |
|
|
|a xo
|c SK
|
| 072 |
|
7 |
|a 74
|x Kresba. Umelecké remeslá
|2 konspekt
|
| 080 |
|
|
|a 688.72
|2 2011
|
| 080 |
|
|
|a 674.5
|2 2011
|
| 100 |
1 |
|
|a Heriban, Peter
|4 aut
|9 754359
|
| 245 |
1 |
0 |
|a Fenomény ,,kyjatické"
|c Peter Heriban
|
| 300 |
|
|
|b Fotogr.
|
| 600 |
1 |
7 |
|a Šippich, Bohuš,
|d 1885-1935
|2 snkbucl
|9 163749
|
| 650 |
0 |
7 |
|a kyjatické hračky
|2 SNKPH
|9 837157
|
| 650 |
0 |
7 |
|a nábytok
|2 SNKPH
|9 3744
|
| 650 |
0 |
7 |
|a Folk toys
|2 SNKPHeng
|9 170752
|
| 650 |
0 |
7 |
|a symbol
|2 SNKPH
|9 1053657
|
| 650 |
0 |
7 |
|a Furniture
|2 SNKPHeng
|9 300443
|
| 651 |
|
7 |
|a Kyjatice (Slovensko)
|2 SNKPHgeo
|9 105152
|
| 773 |
0 |
|
|t Remeslo, umenie, dizajn
|p RUD
|g Roč. 18, č. 3 (2017), s. 17-19
|x 1335-5457
|
| 852 |
|
|
|a BAULUV
|b KIS3GCP
|
| 856 |
|
2 |
|u http://www.uluv.sk/sk/web/casopis-rud/archiv/rok-2017/rud-032017/fenomeny-kyjaticke/
|
| 958 |
|
|
|a SK
|
| 958 |
|
|
|a RBX
|
| 999 |
|
|
|c 2094321
|d 2096251
|